000
00296nam a22001337a 4500
008
171027b xxu||||| |||| 00| 0 eng d
020
_a
2900136113651
041
_a
eng
080
_2
7 ED
_a
336
100
_a
56
101
_a
FIN
245
_a
FOUNDATIONS FINANCE
_c
PETTY.K.M
942
_2
udc
_c
BK
999
_c
36245
_d
36245